| 000 | 00700nam a2200241Ia 4500 | ||
|---|---|---|---|
| 003 | GCL | ||
| 008 | 140319s9999 xx 000 0 ara d | ||
| 040 |
_aGCL / _cGCL |
||
| 082 | 0 | 4 |
_a332.53 _bم م |
| 100 | 1 | _aمحمد يحيى عويس | |
| 245 | 1 | 0 |
_aمحاضرات فى النقود والبنوك / _cمحمد يحيى عويس |
| 260 |
_a[S.N] : _bالمجالس ، _c1979 |
||
| 300 | _a288 ص | ||
| 490 | _a | ||
| 650 | 0 | 4 | _aالاقتصاد الكلى |
| 650 | 0 | 4 | _aالسياسة المالية |
| 650 | 0 | 4 | _aالنقود |
| 650 | 0 | 4 | _aالتضخم المالى |
| 650 | 0 | 4 | _aالبنوك |
| 650 | 0 | 4 | _aالائتمان المصرفى |
| 650 | 0 | 4 | _aالذهب |
| 942 |
_2ddc _cBK |
||
| 999 |
_c58830 _d58830 |
||